Willekeurige Nederlandse steden door vlaggen - Statistieken

Algemene statistieken
  • Deze quiz is 1.122 keer genomen
  • De gemiddelde score is 2 van 9
Antwoordstatistieken
Foto Antwoord % Correct
Amsterdam
98%
Rotterdam
77%
Utrecht
63%
Leiden
53%
Arnhem
46%
Maastricht
44%
Den Haag
42%
Zwolle
41%
Groningen
37%
Breda
35%
Eindhoven
28%
Almere
26%
Tilburg
24%
Emmen
23%
Alkmaar
22%
Zoetermeer
21%
Dordrecht
19%
Haarlem
19%
Leeuwarden
18%
Apeldoorn
16%
Enschede
15%
Zaanstad
15%
Oss
14%
Amersfoort
13%
Nijmegen
13%
's-Hertogenbosch
13%
Venlo
11%
Delft
10%
Ede
8%
Sittard-Geleen
8%
Westland
8%
Haarlemmermeer
7%
Alphen aan den Rijn
6%
Terneuzen
6%
Geen overeenkomende quizzen gevonden
Scoreverdeling
Procent van Mensen met Elke Score
Percentiel versus Aantal Correcte Antwoorden
Uw Scoregeschiedenis
U heeft deze quiz nog niet genomen